<?xml version="1.0" encoding="UTF-8"?>
<record
    xmlns:xsi="http://www.w3.org/2001/XMLSchema-instance"
    xsi:schemaLocation="http://www.loc.gov/MARC21/slim http://www.loc.gov/standards/marcxml/schema/MARC21slim.xsd"
    xmlns="http://www.loc.gov/MARC21/slim">

  <leader>00672nam a2200241Ia 4500</leader>
  <controlfield tag="001">819</controlfield>
  <controlfield tag="003">GE_BSU</controlfield>
  <controlfield tag="008">181216s||||||||xx |||||||||||||| ||und||</controlfield>
  <datafield tag="020" ind1=" " ind2=" ">
    <subfield code="a">506005363</subfield>
  </datafield>
  <datafield tag="040" ind1=" " ind2=" ">
    <subfield code="c">GE_BSU</subfield>
  </datafield>
  <datafield tag="080" ind1=" " ind2=" ">
    <subfield code="a">7(075.32)</subfield>
  </datafield>
  <datafield tag="100" ind1=" " ind2=" ">
    <subfield code="a">&#x42F;&#x440;&#x44B;&#x433;&#x438;&#x43D;&#x430;,&#x412;.&#x41D;. &#x438; &#x434;&#x440;</subfield>
  </datafield>
  <datafield tag="245" ind1=" " ind2=" ">
    <subfield code="a">&#x411;&#x438;&#x43E;&#x43B;&#x43E;&#x433;&#x438;&#x44F;.</subfield>
  </datafield>
  <datafield tag="245" ind1=" " ind2=" ">
    <subfield code="c">&#x41F;&#x43E;&#x434;. &#x440;&#x435;&#x434;. &#x412;.&#x41D;.&#x42F;&#x440;&#x44B;&#x433;&#x438;&#x43D;&#x430;. &#x423;&#x447;&#x435;&#x431;&#x43D;&#x43E;&#x435;  &#x43F;&#x43E;&#x441;&#x43E;&#x431;&#x438;&#x435; &#x434;&#x43B;&#x44F; &#x441;&#x442;&#x443;&#x434;. &#x43C;&#x435;&#x434;&#x438;&#x446;&#x438;&#x43D;&#x441;&#x43A;&#x438;&#x445; &#x443;&#x447;&#x438;&#x43B;&#x438;&#x449;.</subfield>
  </datafield>
  <datafield tag="260" ind1=" " ind2=" ">
    <subfield code="a">&#x41C;&#x43E;&#x441;&#x43A;&#x432;&#x430;</subfield>
  </datafield>
  <datafield tag="260" ind1=" " ind2=" ">
    <subfield code="b">,,&#x412;&#x44B;&#x441;&#x448;&#x448;&#x430;&#x44F;  &#x448;&#x43A;&#x43E;&#x43B;&#x430;</subfield>
  </datafield>
  <datafield tag="260" ind1=" " ind2=" ">
    <subfield code="c">2006</subfield>
  </datafield>
  <datafield tag="300" ind1=" " ind2=" ">
    <subfield code="a">454 &#x441;.</subfield>
  </datafield>
  <datafield tag="541" ind1=" " ind2=" ">
    <subfield code="h">18 &#x43B;.</subfield>
  </datafield>
  <datafield tag="653" ind1=" " ind2=" ">
    <subfield code="a">&#x411;&#x438;&#x43E;&#x43B;&#x43E;&#x433;&#x438;&#x44F;</subfield>
  </datafield>
  <datafield tag="653" ind1=" " ind2=" ">
    <subfield code="a">&#x10D1;&#x10D8;&#x10DD;&#x10DA;&#x10DD;&#x10D2;&#x10D8;&#x10D0;</subfield>
  </datafield>
  <datafield tag="942" ind1=" " ind2=" ">
    <subfield code="c">BK</subfield>
  </datafield>
  <datafield tag="999" ind1=" " ind2=" ">
    <subfield code="c">34983</subfield>
    <subfield code="d">34983</subfield>
  </datafield>
  <datafield tag="952" ind1=" " ind2=" ">
    <subfield code="0">0</subfield>
    <subfield code="1">0</subfield>
    <subfield code="4">0</subfield>
    <subfield code="7">0</subfield>
    <subfield code="9">33233</subfield>
    <subfield code="d">2018-12-17</subfield>
    <subfield code="p">1998</subfield>
    <subfield code="r">2018-12-17</subfield>
    <subfield code="w">2018-12-17</subfield>
    <subfield code="y">BK</subfield>
  </datafield>
</record>
